Szczegóły MARC21

Mocarstwa świata : narodziny, rozkwit, upadek : przemiany gospodarcze i konflikty zbrojne w latach 1500-2000 /

003 -Nazwa inst., której nr kontr. jest w polu 001 [,]
    • @
    • Nazwa instytucji, której n kontrolny jest w polu 001
    • NUKAT
005 -DATA I CZAS OSTATNIEJ MODYFIKACJI [,]
    • @
    • pole kontrolne
    • 20241231113948.0
020 -Międzynarod. znormalizowany nr książki - ISBN [ , ]
    • a
    • Numer ISBN
    • 8305126412 Find
040 -Instytucja sporządzająca opis [ , ]
    • a
    • Instytucja, która sporządziła opis (NP)
    • LUBL M/JD
    • c
    • Instytucja, która sporządziła rekord (NP)
    • LUBL M/JD
    • d
    • Instytucja, która zmodyfikowała rekord (P)
    • LUBL M/JDs
    • d
    • Instytucja, która zmodyfikowała rekord (P)
    • LUBL M/KW
041 -Język dokumentu [1, ]
    • a
    • Język tekstu (P)
    • polski
    • h
    • Język tekstu oryginalnego i/lub pośredniego (P)
    • angielski
942 -Rodzaj dokumentu [ , ]
    • c
    • Rodzaj dokumentu
    • Książka
100 -Hasło główne - nazwa osobowa [1, ]
    • a
    • Nazwa osobowa (NP)
    • Kennedy, Paul M.
    • d
    • Daty biograficzne (NP)
    • (1945- ).
    • 9
    • KHW
    • 95119
240 -Tytuł ujednolicony [1,0]
    • a
    • Tytuł ujednolicony
    • Rise and fall of the great powers
    • l
    • Język tekstu
    • (pol.)
    • 9
    • KHW
    • 622816
245 -Strefa tytułu i oznaczenia odpowiedzialności [1,0]
    • a
    • Tytuł
    • Mocarstwa świata : Find
    • b
    • Ciąg dalszy tytułu (NP)
    • narodziny, rozkwit, upadek : przemiany gospodarcze i konflikty zbrojne w latach 1500-2000 / Find
    • c
    • Pozostałe elementy strefy tytułu i oznaczenia odpowiedzialności (NP)
    • Paul Kennedy ; przeł. z ang. Mirosław Kluźniak.
260 -Strefa adresu wydawniczego [ , ]
    • a
    • Miejsce wydania (P)
    • Warszawa :
    • b
    • Nazwa wydawcy (P)
    • Książka i Wiedza,
    • c
    • Data wydania (P)
    • cop. 1994.
300 -Strefa opisu fizycznego [ , ]
    • a
    • Określenie formy książki i/lub objętość (NP)
    • 607, [1] s. :
    • b
    • Oznaczenie ilustracji (NP)
    • il., mapy ;
    • c
    • Format (NP)
    • 24 cm.
336 -Typ zawartości [ , ]
    • a
    • Termin opisujący typ zawartości
    • Tekst
    • b
    • Kod określający zawartość
    • txt
    • 2
    • Źródło (terminu i kodu)
    • rdacontent
337 -Typ mediów [ , ]
    • a
    • Tryb odtwarzania
    • Bez urządzenia pośredniczącego
    • b
    • Kod typu mediów
    • n
    • 2
    • Źródło (terminu i kodu)
    • rdamedia
338 -Typ/rodzaj nośnika [ , ]
    • a
    • Hasło opisujące typ nośnika
    • Wolumin
    • b
    • Kod typu nośnika
    • nc
    • 2
    • Źródło (terminu i kodu)
    • rdacarrier
500 -Uwaga ogólna [ , ]
    • a
    • Uwaga ogólna (NP)
    • Tyt. oryg.: The rise and fall of the great powers.
504 -Uwaga dot. bibliogr. załącznikowej [ , ]
    • a
    • Uwaga dot. bibliografii załącznikowej
    • Indeks.
080 -Uniwersalna Klasyfikacja Dziesiętna [ , ]
    • a
    • Symbol klasyfikacji
    • 327.2
    • 2
    • Identyfikator wydania tablic
    • UDC-P058
    • 9
    • UKD
    • 2893
    • b
    • Dopowiedzenie
    • Imperializm. Polityka imperialistyczna.
    • 4
    • UKD2
    • 14945
    • x
    • Poddział wspólny
    • "15/19"
    • c
    • Dopowiedzenie poddz. wspólnego
    • Wiek XVI/XX.
080 -Uniwersalna Klasyfikacja Dziesiętna [ , ]
    • a
    • Symbol klasyfikacji
    • 355(091)
    • 2
    • Identyfikator wydania tablic
    • UDC-P058
    • 9
    • UKD
    • 3671
    • b
    • Dopowiedzenie
    • Historia wojskowości.
    • 4
    • UKD2
    • 14945
    • x
    • Poddział wspólny
    • "15/19"
    • c
    • Dopowiedzenie poddz. wspólnego
    • Wiek XVI/XX.
080 -Uniwersalna Klasyfikacja Dziesiętna [ , ]
    • a
    • Symbol klasyfikacji
    • 338.1(091)
    • 2
    • Identyfikator wydania tablic
    • UDC-P058
    • 9
    • UKD
    • 3209
    • b
    • Dopowiedzenie
    • Historia gospodarcza (ogólna).
    • 4
    • UKD2
    • 14945
    • x
    • Poddział wspólny
    • "15/19"
    • c
    • Dopowiedzenie poddz. wspólnego
    • Wiek XVI/XX.
650 -Hasło przedmiotowe [ ,7]
    • a
    • Hasło przedmiotowe
    • Historia nowożytna.
    • 2
    • Źródło terminu
    • kaba
    • 9
    • KHW
    • 111218
650 -Hasło przedmiotowe [ ,7]
    • a
    • Hasło przedmiotowe
    • Historia gospodarcza
    • y
    • Określnik chronologiczny
    • 1500-.
    • 2
    • Źródło terminu
    • kaba
    • 9
    • KHW
    • 111214
650 -Hasło przedmiotowe [ ,7]
    • a
    • Hasło przedmiotowe
    • Historia wojskowa nowożytna i współczesna.
    • 2
    • Źródło terminu
    • kaba
    • 9
    • KHW
    • 111258
650 -Hasło przedmiotowe [ ,7]
    • a
    • Hasło przedmiotowe
    • Wielkie mocarstwa.
    • 2
    • Źródło terminu
    • kaba
    • 9
    • KHW
    • 147529
980 -Symbol UKD [ , ]
    • a
    • UKD
    • 327.2:355(091):338.1(091)]"15/19"
700 -Hasło dodatkowe - nazwa osobowa [1, ]
    • a
    • Nazwa osobowa (NP)
    • Kluźniak, Mirosław. Find
    • e
    • Określenie rodzaju współpracy
    • Tł.
    • 9
    • KHW
    • 20499
710 -Hasło dodatkowe - nazwa ciała zbiorowego [2, ]
    • a
    • Nazwa ciała zbiorowego lub nazwa geograficzna jako pierwszy element (NP)
    • Spółdzielnia Wydawniczo-Handlowa "Książka i Wiedza".
    • 4
    • Kod relacji
    • pbl
    • 9
    • KHW
    • 52004
856 -Dostęp do wersji elektronicznej [4,8]
    • 3
    • Wyszczególnienie materiału
    • Okładka
856 -Dostęp do wersji elektronicznej [4,1]
    • 3
    • Wyszczególnienie materiału
    • Spis treści
920 -ISBN [ , ]
    • a
    • ISBN
    • 83-05-12641-2 Find
Sygnatura Numer inwentarzowy Status udost. Lokalizacja Data inwentaryzacji
Z.84766Z.847661BG1995-03-14